The Managed heart: commercialization of human feeling (Record no. 522558)

000 -LEADER
fixed length control field 00484nam a22001457a 4500
020 ## - INTERNATIONAL STANDARD BOOK NUMBER
International Standard Book Number 9780520272941
082 ## - DEWEY DECIMAL CLASSIFICATION NUMBER
Classification number K95 H657
100 ## - MAIN ENTRY--PERSONAL NAME
Personal name Hochschild, Arlie Russell
9 (RLIN) 37850
245 ## - TITLE STATEMENT
Title The Managed heart: commercialization of human feeling
Statement of responsibility, etc by Arlie Russell Hochschild
260 ## - PUBLICATION, DISTRIBUTION, ETC. (IMPRINT)
Place of publication, distribution, etc London
Name of publisher, distributor, etc Univ. of California Press
Date of publication, distribution, etc 2012
300 ## - PHYSICAL DESCRIPTION
Extent 327p.
650 ## - SUBJECT ADDED ENTRY--TOPICAL TERM
Topical term or geographic name as entry element Emotions - Economic aspects
9 (RLIN) 37851
650 ## - SUBJECT ADDED ENTRY--TOPICAL TERM
Topical term or geographic name as entry element Work - Psychological aspects
9 (RLIN) 37852
650 ## - SUBJECT ADDED ENTRY--TOPICAL TERM
Topical term or geographic name as entry element Employee motivation
9 (RLIN) 37853
Holdings
Withdrawn status Lost status Source of classification or shelving scheme Damaged status Koha normalized classification for sorting Not for loan Permanent location Current location Shelving location Date acquired Full call number Barcode Date last seen Price effective from Koha item type
        K_95_000000000000000_H657   Indian Institute of Public Administration Indian Institute of Public Administration On Display 2023-04-25 K95 H657 89047 2023-04-25 2023-04-25 Book

Powered by Koha